[Event "TUR Cup"]
[Site "Antalya"]
[Date "2020.01.27"]
[Round "2"]
[White "Kalinoglu, Yagiz"]
[Black "Kisadere, Kutay"]
[Result "0-1"]
[WhiteElo "1304"]
[BlackElo "1831"]
[PlyCount "118"]
[EventDate "2020.01.26"]
[EventType "swiss"]
[EventRounds "11"]
[EventCountry "TUR"]
[SourceTitle "CBM 194 Extra"]
[Source "ChessBase"]
[SourceDate "2020.03.31"]
[SourceVersion "1"]
[SourceVersionDate "2020.03.31"]
[SourceQuality "1"]

1. e4 c5 2. Nf3 Nc6 3. Bb5 e6 4. Bxc6 bxc6 5. 0-0 Ne7 6. Re1 Ng6 7. e5 d6 8. d3 Rb8 9. Nbd2 d5 10. b3 Be7 11. Bb2 0-0 12. c4 f6 13. Qc2 Bd7 14. Rad1 Qc7 15. Nf1 f5 16. Rc1 d4 17. Qe2 a5 18. Rb1 a4 19. Qd1 Qa7 20. N1d2 Nf4 21. Qc2 g5 22. g3 Ng6 23. Kg2 Qc7 24. bxa4 g4 25. Ng1 Nxe5 26. Nb3 f4 27. Ba3 fxg3 28. hxg3 Nf3 29. Re4 e5 30. Bxc5 Bf5 31. Re2 Rxb3 32. axb3 Bxc5 33. b4 Qf7 34. bxc5 Qh5 35. Kf1 Qh1 36. Ree1 Qxg1+ 37. Ke2 Nxe1 38. Rxe1 Bxd3+ 39. Qxd3 Qxf2+ 40. Kd1 Rf3 41. Qb1 Qxg3 42. Qb8+ Rf8 43. Qxe5 Qd3+ 44. Kc1 Qxc4+ 45. Kd1 Qxa4+ 46. Kc1 Qa1+ 47. Kd2 Rf2+ 48. Re2 Rxe2+ 49. Qxe2 Qb2+ 50. Ke1 Qxe2+ 51. Kxe2 h5 52. Kf2 h4 53. Kg2 d3 54. Kf2 g3+ 55. Kg2 d2 56. Kh3 d1Q 57. Kg2 Qg4 58. Kg1 Qe2 59. Kh1 Qh2# 0-1

[Event "TUR-chT 2nd League"]
[Site "Konya"]
[Date "2019.07.25"]
[Round "6.2"]
[White "Aydin, Ersin"]
[Black "Kisadere, Kutay"]
[Result "1/2-1/2"]
[WhiteElo "1908"]
[BlackElo "1770"]
[PlyCount "114"]
[EventDate "2019.07.22"]
[EventType "team-swiss"]
[EventRounds "9"]
[EventCountry "TUR"]
[SourceTitle "CBM 191 Extra"]
[Source "ChessBase"]
[SourceDate "2019.09.30"]
[SourceVersion "1"]
[SourceVersionDate "2019.09.30"]
[SourceQuality "1"]
[WhiteTeam "Mercan Egitim"]
[BlackTeam "Ego Spor"]
[WhiteTeamCountry "TUR"]
[BlackTeamCountry "TUR"]

1. d4 d5 2. c4 e6 3. Nf3 Nf6 4. g3 dxc4 5. Qa4+ Nbd7 6. Qxc4 a6 7. Bg2 b5 8. Qc2 Bb7 9. 0-0 c5 10. dxc5 Bxc5 11. Nc3 Rc8 12. Qb3 Qb6 13. Bf4 0-0 14. Rad1 Nd5 15. Nxd5 Bxd5 16. Qd3 Nf6 17. Ne5 Bxg2 18. Kxg2 Rfd8 19. Qf3 Bd4 20. Nd3 Nd5 21. Rc1 Bf6 22. Be5 Be7 23. Rfd1 h6 24. h4 a5 25. Nf4 Nxf4+ 26. Bxf4 Bf6 27. Rxd8+ Qxd8 28. Rxc8 Qxc8 29. b3 a4 30. Qd3 Qc6+ 31. e4 Be7 32. Kg1 axb3 33. axb3 Bf6 34. Be3 Be7 35. Kf1 Bb4 36. Qd8+ Kh7 37. Qd3 Be7 38. Bd2 g6 39. Bc3 f6 40. Ke2 h5 41. Bd2 Kg7 42. Qe3 Kf7 43. f3 Qc7 44. f4 Qc6 45. Qd3 Bc5 46. Be3 Bxe3 47. Kxe3 Qc5+ 48. Qd4 Qc1+ 49. Qd2 Qg1+ 50. Kf3 Qh1+ 51. Ke3 Qg1+ 52. Kf3 Qa7 53. Qd6 Qb7 54. Ke3 f5 55. exf5 gxf5 56. Qd3 Qc6 57. Kd4 Qd5+ 1/2-1/2

[Event "TUR Cup"]
[Site "Antalya"]
[Date "2019.01.31"]
[Round "7"]
[White "Gok, Muhsin"]
[Black "Kisadere, Kutay"]
[Result "0-1"]
[WhiteElo "1730"]
[BlackElo "1809"]
[PlyCount "96"]
[EventDate "2019.01.27"]
[EventType "swiss"]
[EventRounds "11"]
[EventCountry "TUR"]
[SourceTitle "CBM 188 Extra"]
[Source "ChessBase"]
[SourceDate "2019.02.26"]
[SourceVersion "1"]
[SourceVersionDate "2019.02.26"]
[SourceQuality "1"]

1. Nf3 Nf6 2. d4 d5 3. g3 c6 4. Bg2 g6 5. 0-0 Bg7 6. Nc3 0-0 7. Bg5 h6 8. Bd2 Nbd7 9. Re1 Ne4 10. Nxe4 dxe4 11. Ne5 Nxe5 12. dxe5 Bf5 13. Qc1 Kh7 14. h3 Qd5 15. g4 Be6 16. f4 f6 17. exf6 exf6 18. e3 f5 19. g5 Qc5 20. a3 a5 21. h4 h5 22. Rb1 Rfd8 23. b4 Qd6 24. Rd1 Ba2 25. Rb2 Bxb2 26. Qxb2 Bc4 27. Bf1 Bxf1 28. Kxf1 axb4 29. axb4 Qe6 30. Ke1 Rd7 31. Bc3 Rxd1+ 32. Kxd1 Qa2 33. Qc1 Qc4 34. Qd2 Qf1+ 35. Qe1 Qxe1+ 36. Kxe1 Kg8 37. Kd2 Kf7 38. Bb2 b5 39. Bd4 Ke6 40. Kc1 Kd5 41. Kb2 Kc4 42. c3 Kd3 43. Bc5 Ke2 44. Bd4 Kf3 45. c4 Kg4 46. Bc3 Kxh4 47. Be1+ Kg4 48. Kc3 Rd8 0-1

[Event "TUR-chT 1st League"]
[Site "Konya"]
[Date "2018.07.19"]
[Round "5.11"]
[White "Kisadere, Kutay"]
[Black "Kose, Serkan"]
[Result "1-0"]
[WhiteElo "1798"]
[BlackElo "2053"]
[PlyCount "146"]
[EventDate "2018.07.16"]
[EventType "team-swiss"]
[EventRounds "9"]
[EventCountry "TUR"]
[SourceTitle "EXT 2019"]
[Source "ChessBase"]
[SourceDate "2018.10.10"]
[SourceVersion "1"]
[SourceVersionDate "2018.10.10"]
[SourceQuality "1"]
[WhiteTeam "Ego Spor"]
[BlackTeam "Karaman Saglik"]
[WhiteTeamCountry "TUR"]
[BlackTeamCountry "TUR"]

1. e4 e6 2. d4 d5 3. Nc3 Nf6 4. Bg5 Be7 5. e5 Nfd7 6. Bxe7 Qxe7 7. f4 a6 8. Nf3 c5 9. dxc5 Nc6 10. Qd2 Qxc5 11. 0-0-0 b5 12. Ne2 a5 13. Ned4 b4 14. Nxc6 Qxc6 15. Nd4 Qb6 16. Bb5 0-0 17. Bxd7 Bxd7 18. Kb1 a4 19. h4 b3 20. cxb3 axb3 21. a3 Rfc8 22. Rh3 Ba4 23. Rc3 Rc4 24. Qd3 Rac8 25. Rdc1 Qc7 26. Qe3 g6 27. h5 Qc5 28. h6 Qf8 29. f5 Rxc3 30. Rxc3 Rxc3 31. Qxc3 exf5 32. Qe3 Qc8 33. Qg5 Qf8 34. Nxf5 f6 35. exf6 Qc5 36. Ne7+ Kf8 37. Qc1 Qd4 38. Qc8+ Be8 39. Qc1 Qxf6 40. Nc8 Qf5+ 41. Ka1 d4 42. Nd6 Qe5 43. Nxe8 Kxe8 44. Qc8+ Ke7 45. Qb7+ Kf6 46. Qg7+ Kf5 47. Qxe5+ Kxe5 48. Kb1 Ke4 49. Kc1 Kd3 50. Kd1 g5 51. a4 Kc4 52. Kd2 Kb4 53. Kd3 Kxa4 54. Kxd4 Kb4 55. g4 Kb5 56. Kc3 Kc5 57. Kxb3 Kd4 58. Kc2 Kc4 59. b3+ Kd4 60. Kd2 Ke4 61. b4 Kd4 62. b5 Kc5 63. Ke3 Kxb5 64. Ke4 Kc5 65. Kf5 Kd5 66. Kf6 Ke4 67. Kg7 Kf4 68. Kxh7 Kxg4 69. Kg6 Kf4 70. h7 g4 71. h8Q Kf3 72. Qc3+ Kf2 73. Qd2+ Kf1 1-0

[Event "TUR-chT 1st League"]
[Site "Konya"]
[Date "2018.07.18"]
[Round "4.11"]
[White "Garabetyan, Arno"]
[Black "Kisadere, Kutay"]
[Result "1/2-1/2"]
[WhiteElo "2142"]
[BlackElo "1798"]
[PlyCount "71"]
[EventDate "2018.07.16"]
[EventType "team-swiss"]
[EventRounds "9"]
[EventCountry "TUR"]
[SourceTitle "EXT 2019"]
[Source "ChessBase"]
[SourceDate "2018.10.10"]
[SourceVersion "1"]
[SourceVersionDate "2018.10.10"]
[SourceQuality "1"]
[WhiteTeam "Bogazici Universitesi"]
[BlackTeam "Ego Spor"]
[WhiteTeamCountry "TUR"]
[BlackTeamCountry "TUR"]

1. d4 Nf6 2. c4 e6 3. Nf3 d5 4. g3 dxc4 5. Qa4+ c6 6. Qxc4 Be7 7. Bg2 0-0 8. 0-0 Nbd7 9. Nc3 Qa5 10. a3 e5 11. b4 Qc7 12. Rd1 Bd6 13. Bb2 a6 14. Rac1 e4 15. Ng5 Nb6 16. Qb3 e3 17. fxe3 Qe7 18. Nce4 Nxe4 19. Nxe4 Bc7 20. Nf2 Be6 21. Qd3 h5 22. e4 Rad8 23. d5 f6 24. Qf3 Bf7 25. Bd4 Nd7 26. dxc6 bxc6 27. Rxc6 Ne5 28. Bxe5 Rxd1+ 29. Nxd1 Bxe5 30. Ne3 a5 31. Nd1 Qa7+ 32. e3 axb4 33. axb4 Rb8 34. Bf1 Be8 35. Ra6 Qb7 36. Qf5 1/2-1/2

[Event "Kahramanmaras op 9th"]
[Site "Kahramanmaras"]
[Date "2018.04.06"]
[Round "6"]
[White "Kisadere, Kutay"]
[Black "Akkok, Durdu"]
[Result "1-0"]
[WhiteElo "1831"]
[BlackElo "1761"]
[PlyCount "81"]
[EventDate "2018.04.03"]
[EventType "swiss"]
[EventRounds "9"]
[EventCountry "TUR"]
[SourceTitle "CBM 183 Extra"]
[Source "ChessBase"]
[SourceDate "2018.04.19"]
[SourceVersion "1"]
[SourceVersionDate "2018.04.19"]
[SourceQuality "1"]

1. e4 e5 2. Nf3 Nc6 3. Bc4 Nf6 4. d3 Bc5 5. c3 0-0 6. 0-0 h6 7. h3 d6 8. Re1 Bd7 9. a4 a6 10. Nbd2 Be6 11. Ba2 b5 12. Nf1 Bb6 13. Bxe6 fxe6 14. axb5 axb5 15. Rxa8 Qxa8 16. Qb3 Qc8 17. Qxb5 Ne7 18. Ng3 Ng6 19. d4 exd4 20. cxd4 e5 21. Be3 exd4 22. Bxd4 Ne5 23. Nxe5 dxe5 24. Bxb6 cxb6 25. Qxb6 Qc2 26. f3 Rc8 27. Qf2 Qb3 28. Nf5 Rc2 29. Qg3 Nh5 30. Qxe5 Qb6+ 31. Kh2 Qf2 32. Rg1 Qxf3 33. Kh1 Qe2 34. Nd4 Qf2 35. Nxc2 Ng3+ 36. Kh2 Ne2 37. Ra1 Nf4 38. Rg1 Ne2 39. Rd1 Nf4 40. Rd8+ Kf7 41. Rd7+ 1-0

[Event "TUR Cup										"]
[Site "Antalya"]
[Date "2018.02.01"]
[Round "8"]
[White "Bayik, Hasan"]
[Black "Kisadere, Kutay"]
[Result "0-1"]
[WhiteElo "1878"]
[BlackElo "1813"]
[PlyCount "84"]
[EventDate "2018.01.27"]
[EventType "swiss"]
[EventRounds "11"]
[EventCountry "TUR"]
[SourceTitle "CBM 182 Extra"]
[Source "ChessBase"]
[SourceDate "2018.02.23"]
[SourceVersion "1"]
[SourceVersionDate "2018.02.23"]
[SourceQuality "1"]

1. d4 Nf6 2. c4 e6 3. Nc3 Bb4 4. Qc2 0-0 5. e4 d5 6. e5 Ne4 7. Bd3 f5 8. a3 Be7 9. cxd5 Nxc3 10. bxc3 exd5 11. Ne2 Kh8 12. Be3 Be6 13. Nf4 Qd7 14. h4 c5 15. h5 Kg8 16. dxc5 Nc6 17. Bb5 Rfe8 18. Rd1 Bd8 19. Qb3 Bc7 20. Nxe6 Qxe6 21. f4 Bxe5 22. Kf2 Bf6 23. Qxd5 Kf8 24. Qxe6 Rxe6 25. Bxc6 bxc6 26. Bd4 Rae8 27. Rhe1 Bh4+ 28. g3 Bxg3+ 29. Kxg3 Rxe1 30. Rd3 R8e2 31. Bf2 Rf1 32. Bd4 Rfe1 33. Bf2 Ra1 34. Kf3 Re4 35. Rd8+ Re8 36. Rd7 Re7 37. Rd8+ Kf7 38. Bh4 Rb7 39. Rc8 Rxa3 40. Be1 Ra1 41. Bd2 Rd7 42. Be3 Ra3 0-1

[Event "TUR Cup										"]
[Site "Antalya"]
[Date "2018.02.01"]
[Round "9"]
[White "Kisadere, Kutay"]
[Black "Yasin, Hur"]
[Result "1/2-1/2"]
[WhiteElo "1813"]
[BlackElo "1985"]
[PlyCount "105"]
[EventDate "2018.01.27"]
[EventType "swiss"]
[EventRounds "11"]
[EventCountry "TUR"]
[SourceTitle "CBM 182 Extra"]
[Source "ChessBase"]
[SourceDate "2018.02.23"]
[SourceVersion "1"]
[SourceVersionDate "2018.02.23"]
[SourceQuality "1"]

1. e4 e6 2. d4 d5 3. Nd2 Nc6 4. Ngf3 Nf6 5. e5 Nd7 6. Be2 f6 7. exf6 Qxf6 8. Nf1 Bd6 9. Ng3 0-0 10. 0-0 h6 11. Be3 Ne7 12. Qd2 c5 13. c3 e5 14. dxe5 Nxe5 15. Nxe5 Qxe5 16. Rad1 Be6 17. Bd3 Qf6 18. Bb1 Qh4 19. f4 Rae8 20. Rde1 b6 21. Qd3 g6 22. Qd2 Nf5 23. Nxf5 gxf5 24. Rf3 Qf6 25. Bf2 Kh8 26. a3 Bf7 27. Rxe8 Rxe8 28. Ba2 c4 29. b4 cxb3 30. Bxb3 Bxa3 31. Bxd5 Bc5 32. Bxf7 Qxf7 33. Bxc5 bxc5 34. Qd6 Qf8 35. Qg6 Rb8 36. Re3 Rb6 37. Re6 Rxe6 38. Qxe6 a5 39. Qa6 Kg7 40. Qxa5 Qd6 41. g3 Kg6 42. Qa2 Kf6 43. Qc4 Qd1+ 44. Kg2 Qd2+ 45. Kg1 Qe3+ 46. Kg2 Ke7 47. Kf1 Kd6 48. Kg2 h5 49. Kh3 Qf2 50. Qa6+ Kd5 51. Qd3+ Ke6 52. Qa6+ Kd5 53. Qd3+ 1/2-1/2

[Event "TUR Cup										"]
[Site "Antalya"]
[Date "2018.01.30"]
[Round "6"]
[White "Tarlabasi, Emirhan"]
[Black "Kisadere, Kutay"]
[Result "1-0"]
[WhiteElo "2060"]
[BlackElo "1813"]
[PlyCount "135"]
[EventDate "2018.01.27"]
[EventType "swiss"]
[EventRounds "11"]
[EventCountry "TUR"]
[SourceTitle "CBM 182 Extra"]
[Source "ChessBase"]
[SourceDate "2018.02.23"]
[SourceVersion "1"]
[SourceVersionDate "2018.02.23"]
[SourceQuality "1"]

1. d4 Nf6 2. c4 e6 3. Nf3 b6 4. a3 Bb7 5. Nc3 Be7 6. d5 d6 7. e4 c5 8. Bd3 0-0 9. 0-0 Na6 10. Rb1 e5 11. Ne1 Ne8 12. g3 g6 13. f4 exf4 14. gxf4 f5 15. e5 Nac7 16. Nf3 Ng7 17. Be3 Kh8 18. Qd2 b5 19. b3 Rb8 20. Qf2 a5 21. a4 b4 22. Ne2 Nce8 23. h4 Nh5 24. Ng5 Neg7 25. Ng3 Bxg5 26. hxg5 dxe5 27. Nxh5 Nxh5 28. fxe5 f4 29. Bxc5 Qxg5+ 30. Qg2 Ng3 31. Bxf8 Rxf8 32. Rf3 Qxe5 33. Qb2 Qxb2 34. Rxb2 g5 35. Rh2 Rf7 36. Rh6 Bc8 37. d6 Bg4 38. Rf2 Bd7 39. Rfh2 Nf5 40. Bxf5 Bxf5 41. c5 Bd7 42. Re2 Kg7 43. Rhh2 g4 44. Re7 Rxe7 45. dxe7 g3 46. Rd2 Be8 47. Kg2 Bc6+ 48. Kh3 Kf7 49. Rd6 Be8 50. Rd4 Kxe7 51. Rxf4 Bf7 52. Rf3 g2 53. Re3+ Kd7 54. Kxg2 Kc6 55. Kf2 Kxc5 56. Ke2 Bg6 57. Kd2 Kd4 58. Re7 h5 59. Ra7 h4 60. Rxa5 h3 61. Rb5 Be4 62. Rxb4+ Ke5 63. Ke3 Bd5 64. Rh4 Bxb3 65. a5 Be6 66. a6 Kd6 67. a7 Bd5 68. Rd4 1-0

[Event "TUR-chT 2nd League"]
[Site "Konya"]
[Date "2017.07.18"]
[Round "2.7"]
[White "Celikel, Fatih"]
[Black "Kisadere, Kutay"]
[Result "1-0"]
[WhiteElo "1720"]
[BlackElo "1809"]
[PlyCount "87"]
[EventDate "2017.07.17"]
[EventType "team-swiss"]
[EventRounds "9"]
[EventCountry "TUR"]
[SourceTitle "CBM 179 Extra"]
[Source "ChessBase"]
[SourceDate "2017.08.23"]
[SourceVersion "1"]
[SourceVersionDate "2017.08.23"]
[SourceQuality "1"]
[WhiteTeam "Konya Erkin"]
[BlackTeam "Ankara Hayat"]
[WhiteTeamCountry "TUR"]
[BlackTeamCountry "TUR"]

1. Nf3 Nf6 2. d4 e6 3. Bf4 b6 4. e3 Bb7 5. Bd3 Ne4 6. Nbd2 Nxd2 7. Qxd2 Be7 8. Qe2 d5 9. Ne5 c6 10. Qf3 Bf6 11. g4 Nd7 12. Nxd7 Qxd7 13. g5 Be7 14. Be5 Bf8 15. h4 0-0-0 16. a4 h6 17. Ke2 a6 18. b4 hxg5 19. b5 f6 20. Bg3 Bd6 21. bxa6 Ba8 22. hxg5 f5 23. Rhb1 Kc7 24. Bf4 Bxf4 25. Qxf4+ Qd6 26. Qxd6+ Rxd6 27. Rh1 Rdd8 28. g6 Rxh1 29. Rxh1 Kd6 30. Kf3 Ke7 31. Kf4 Kf6 32. Rb1 Rb8 33. c3 Rh8 34. Rxb6 Rh4+ 35. Kf3 Rh3+ 36. Kg2 Rh8 37. a7 Rd8 38. Rb8 Ke7 39. Kg3 Kd7 40. Kf4 Kc7 41. Ke5 Rxb8 42. axb8R Kxb8 43. Kxe6 Kc7 44. Kf7 1-0

[Event "TUR-chT 2nd League"]
[Site "Konya"]
[Date "2017.07.17"]
[Round "1.14"]
[White "Akgul, Emre Ramazan"]
[Black "Kisadere, Kutay"]
[Result "0-1"]
[WhiteElo "1615"]
[BlackElo "1809"]
[PlyCount "76"]
[EventDate "2017.07.17"]
[EventType "team-swiss"]
[EventRounds "9"]
[EventCountry "TUR"]
[SourceTitle "CBM 179 Extra"]
[Source "ChessBase"]
[SourceDate "2017.08.23"]
[SourceVersion "1"]
[SourceVersionDate "2017.08.23"]
[SourceQuality "1"]
[WhiteTeam "Gaziante Seviye"]
[BlackTeam "Ankara Hayat"]
[WhiteTeamCountry "TUR"]
[BlackTeamCountry "TUR"]

1. b4 Nf6 2. Bb2 e6 3. b5 Be7 4. e3 d5 5. Nf3 0-0 6. c4 a6 7. a4 axb5 8. axb5 Rxa1 9. Bxa1 c5 10. Be2 Nbd7 11. Qc2 b6 12. 0-0 Qc7 13. d4 Bb7 14. Nbd2 Rc8 15. Rc1 Bd6 16. h3 Ra8 17. cxd5 exd5 18. dxc5 bxc5 19. Nb3 Qb6 20. Rd1 h6 21. Nh4 Re8 22. Bxf6 Nxf6 23. Nf5 Bf8 24. Qc3 Ne4 25. Qb2 Qe6 26. Bg4 h5 27. f3 hxg4 28. fxe4 Qxe4 29. Nxc5 Qxf5 30. Nxb7 gxh3 31. Qd4 hxg2 32. Qxd5 Qg4 33. Rd4 Qg3 34. Qxg2 Qxe3+ 35. Qf2 Qg5+ 36. Kh1 Qxb5 37. Nd6 Qc6+ 38. Qg2 Re1+ 0-1

[Event "Manavgat Turkey Cup"]
[Site "Manavgat"]
[Date "2015.02.05"]
[Round "9"]
[White "Erke, Mustafa Yigit"]
[Black "Kisadere, Kutay"]
[Result "1/2-1/2"]
[WhiteElo "1805"]
[BlackElo "1760"]
[PlyCount "60"]
[EventDate "2015.01.31"]
[EventType "swiss"]
[EventRounds "11"]
[EventCountry "TUR"]
[SourceTitle "CBM 164 Extra"]
[Source "ChessBase"]
[SourceDate "2015.03.02"]
[SourceVersion "1"]
[SourceVersionDate "2015.03.02"]
[SourceQuality "1"]

1. e4 e6 2. c4 d5 3. cxd5 exd5 4. exd5 Qxd5 5. Nc3 Qd8 6. Nf3 Nf6 7. Bc4 Bd6 8. 0-0 0-0 9. h3 Nc6 10. d4 h6 11. d5 Ne5 12. Nxe5 Bxe5 13. Re1 Bd6 14. Qf3 Nd7 15. Bf4 Qf6 16. Bxd6 Qxf3 17. gxf3 cxd6 18. Re7 Ne5 19. Be2 Bxh3 20. Rxb7 Rfb8 21. Rxb8+ Rxb8 22. b3 Rc8 23. Ne4 Rd8 24. Kh2 Bc8 25. Rc1 Bb7 26. Rc7 Rd7 27. Rxd7 Nxd7 28. Bc4 Nb6 29. Nxd6 Bxd5 30. Bxd5 Nxd5 1/2-1/2